Pilotes Yamaha en MotoGP - Statistiques

Statistiques générales
  • Ce quiz a été pris 30 fois
  • Le résultat moyen est 7 sur 11
Statistiques - réponses
Réponse % Correct
Valentino Rossi
100%
Fabio Quartararo
96%
Alex Rins
89%
Jorge Lorenzo
89%
Franco Morbidelli
78%
Maverick Viñales
78%
Max Biaggi
37%
Ben Spies
26%
Colin Edwards
26%
Carlos Checa
22%
Marco Melandri
19%
Aucun quiz correspondant
Distribution des résultats
% des personnes avec chaque résultat
Percentile par nombre de réponses
Votre historique - résultats
Vous n’avez pas pris ce quiz